[Event "7th Washington Open 2018"]
[Site "Rockville"]
[Date "2018.08.12"]
[Round "3.4"]
[White "Burke, John M"]
[Black "Checa, Nicolas D"]
[Result "0-1"]
[WhiteElo "2526"]
[BlackElo "2478"]
[Annotator "TA"]
[PlyCount "81"]
[EventDate "2018.08.11"]
[EventType "swiss"]
[EventCountry "USA"]
[SourceTitle "playchess.com"]
[Source "ChessBase"]
[SourceQuality "1"]

{[%evp 24,81,32,35,34,14,32,9,10,0,0,-14,-15,-37,-32,-45,-12,-71,-9,-45,-46,-89,-83,-100,-104,-132,-120,-122,-108,-136,-51,-132,-134,-185,-185,-181,-179,-247,-226,-328,-334,-403,-346,-339,-309,-338,-362,-362,-339,-465,-476,-1151,-1144,-1093,-1075,-1452,-1419,-29989,-29990,-828]} 1. e4 e6 2. d4 d5 3. Nc3 Bb4 4. e5 Ne7 5. a3 Bxc3+ 6. bxc3 c5 7. Qg4 Kf8 8. Qd1 Qa5 {C18: French: 3 Nc3 Bb4: Main line: 7 h4 and 7 Qg4} 9. Bd2 Qa4 10. Qb1 c4 11. Nh3 Nbc6 12. Nf4 Ke8 13. Nh5 {LiveBook: 3 Games} Rg8 {[#]} 14. Qd1 $146 ({Predecessor:} 14. h4 Kd8 15. Rh3 b6 16. Rg3 Nf5 {1-0 (41) Volokitin,A (2687)-Istratescu,A (2651) Haguenau 2013}) 14... Bd7 15. f4 Kd8 16. g4 Kc7 17. Bh3 Raf8 18. O-O f5 19. exf6 gxf6 20. Kh1 (20. g5 $11 {keeps the balance.}) 20... Be8 ({Black should play} 20... f5 $1 $17) 21. Ng3 f5 $36 {[%mdl 2048] Black is pushing.} 22. g5 Nc8 23. Re1 Nd8 24. Rb1 Nd6 25. Rb4 Qxa3 26. Qe2 Qa2 (26... h6 $17 27. Rbb1 (27. gxh6 Rg6 $17) 27... Qa4) 27. Rc1 ({White should try} 27. Rbb1 $15) 27... Qa6 28. Qe1 (28. Bg2 $17 {might work better.}) 28... b6 $19 29. Ra1 Qb7 30. Bc1 {[#]} (30. Qe2 $142) 30... h6 $1 {[%mdl 512]} 31. gxh6 (31. Qf2 $142) 31... Rg6 32. Ba3 {intending Nxf5.} Nc6 33. Ra4 {Hoping for Bxf5.} a5 ({Weaker is} 33... Rxh6 34. Bxf5 exf5 35. Rxa7 $1 $19 {[%mdl 512]}) 34. Bg2 Rh8 ({Don't play} 34... Rxh6 35. Rb1) 35. Bxd6+ Kxd6 36. Qb1 Rgxh6 37. h3 (37. Rxa5 $142 Nxa5 {[#]} 38. Rxa5 $1 {[%mdl 512]}) 37... Qg7 38. Qe1 Rg8 39. Kh2 Rg6 {[%cal Rg6g3]} 40. Bxd5 Kxd5 41. Qh1+ {Precision: White = 21%, Black = 82%.} 0-1

[Event "7th Washington Open 2018"]
[Site "Rockville"]
[Date "2018.08.12"]
[Round "3.5"]
[White "Hevia Alejano, Carlos Antonio"]
[Black "Baryshpolets, Andrey"]
[Result "0-1"]
[WhiteElo "2486"]
[BlackElo "2609"]
[Annotator "TA"]
[PlyCount "59"]
[EventDate "2018.08.11"]
[EventType "swiss"]
[EventCountry "USA"]
[SourceTitle "playchess.com"]
[Source "ChessBase"]
[SourceQuality "1"]

{[%evp 18,59,30,0,0,0,0,0,-12,-32,-35,-81,-73,-79,-73,-68,-61,-85,-74,-79,-97,-92,-89,-81,-83,-92,-77,-78,-94,-138,-135,-230,-204,-218,-170,-187,-166,-242,-230,-236,-247,-373,-372,-406]} 1. e4 {Mekhitarian,K} e6 2. d4 d5 3. Nc3 Nf6 4. e5 Nfd7 5. f4 c5 6. Nf3 Nc6 7. Be3 a6 8. Qd2 b5 9. a3 Qa5 {C11: Französische Verteidigung} 10. Rb1 {LiveBook: 6 Partien} Rb8 11. dxc5 $146 {zielt auf b4 ab.} ({Vorgänger:} 11. Nd1 Qxd2+ 12. Kxd2 cxd4 13. Nxd4 Nxd4 14. Bxd4 Be7 15. Bd3 O-O 16. Nf2 Nb6 17. b3 {1-0 (59) Svidler,P (2742)-Bluebaum,M (2641) Novi Sad 2016 CBM 176 [Mekhitarian,K]}) 11... b4 $1 {[%cal Rb4c3] Die Stellung ist ausgeglichen.} 12. axb4 Rxb4 13. Ne2 {Droht stark c3.} Nxc5 {Und ...Se4 würde nun gewinnen.} 14. c3 Qa2 15. Qc2 {[#] Droht Lxc5 und aus.} Rxb2 $1 {[%mdl 512]} 16. Rxb2 Qxb2 17. Qxb2 Nd3+ 18. Kd2 Nxb2 19. Ned4 {[#]} Na5 $1 20. Bf2 h6 21. Be2 Nbc4+ 22. Kd3 {[#]} g5 $1 {[%mdl 512]} 23. fxg5 hxg5 24. Nxg5 (24. g4 $17) 24... Nxe5+ $19 25. Kc2 Rg8 26. h4 Nac4 27. Bh5 (27. Bg3 $142) 27... Bd6 28. Re1 Ke7 29. g3 (29. Be2 $142) 29... Bd7 30. Ra1 {Precision: Weiß = 37%, Schwarz = 89%.} 0-1

[Event "7th Washington Open 2018"]
[Site "Rockville"]
[Date "2018.08.12"]
[Round "3.6"]
[White "Stukopin, Andrey"]
[Black "Brodsky, David"]
[Result "1/2-1/2"]
[WhiteElo "2598"]
[BlackElo "2402"]
[Annotator "TA"]
[PlyCount "51"]
[EventDate "2018.08.11"]
[EventType "swiss"]
[EventCountry "USA"]
[SourceTitle "playchess.com"]
[Source "ChessBase"]
[SourceQuality "1"]

{[%evp 23,51,16,23,8,7,8,9,-7,0,-15,-20,-18,0,0,0,0,9,16,7,14,60,70,48,6,12,0,0,4,13,11]} 1. Nf3 Nf6 2. c4 b6 3. g3 c5 4. Bg2 Bb7 5. O-O g6 6. b3 Bg7 7. Bb2 O-O 8. Nc3 d6 9. e3 Ne4 {A30: Englische Eröffnung (Symmetrische Variante)} 10. d4 Nxc3 11. Bxc3 Be4 12. Rc1 Nd7 {LiveBook: 3 Partien} 13. d5 $146 ({Vorgänger:} 13. Qe2 a6 14. Rfd1 Qb8 15. Bh3 Bxf3 16. Qxf3 Rd8 17. Bg2 Ra7 18. h4 b5 {½-½ (39) Karjakin,S (2763)-Dubov,D (2701) Moscow 2018}) 13... Bxc3 14. Rxc3 b5 15. Bh3 bxc4 16. bxc4 Qa5 17. Rc1 Bxf3 18. Qxf3 Ne5 19. Qe2 Qa3 20. Rfd1 {[#] Und weiter mit f4 wäre nett.} Rab8 {zielt auf ...Tb2 ab.} 21. Rc2 $1 {Schwarz muss nun f4 beachten.} f5 22. f4 Ng4 23. e4 {Droht Te1 und aus.} Qe3+ $1 {Die Stellung ist ausgeglichen.} 24. Kf1 Qxe2+ 25. Rxe2 Rb7 26. exf5 1/2-1/2

[Event "7th Washington Open 2018"]
[Site "Rockville"]
[Date "2018.08.12"]
[Round "3.7"]
[White "Henderson de la Fuente, Lance"]
[Black "Dragun, Kamil"]
[Result "1/2-1/2"]
[WhiteElo "2485"]
[BlackElo "2594"]
[Annotator "TA"]
[PlyCount "111"]
[EventDate "2018.08.11"]
[EventType "swiss"]
[EventCountry "USA"]
[SourceTitle "playchess.com"]
[Source "ChessBase"]
[SourceQuality "1"]

{[%evp 18,111,17,19,38,22,23,34,34,10,33,30,26,38,52,51,77,93,143,136,187,185,174,89,97,15,15,16,60,18,22,17,31,33,32,30,26,27,40,40,40,0,43,-5,29,0,0,0,52,67,116,127,122,115,103,104,173,135,133,0,150,176,187,214,195,214,209,127,131,158,158,0,0,0,0,0,0,0,0,0,0,0,0,0,0,0,0,0,0,0,0,0,0,0,0,0]} 1. d4 Nf6 2. c4 e6 3. Nf3 Bb4+ 4. Bd2 c5 5. Bxb4 cxb4 6. g3 b6 7. Bg2 Bb7 8. O-O O-O 9. Nbd2 a5 10. Qc2 {LiveBook: 6 Games. E16: Queen's Indian: 4 g3 Bb7 5 Bg2 Bb4+} (10. Re1 d6 11. e4 Nfd7 12. Qe2 Na6 13. e5 dxe5 14. Nxe5 Bxg2 15. Kxg2 Nxe5 16. Qxe5 Nc7 17. a4 {½-½ (17) Lemos,D (2538)-Shirov,A (2698) Buenos Aires 2012}) 10... d5 11. cxd5 $146 ({Predecessor:} 11. Rfc1 Nc6 12. cxd5 exd5 13. e3 Re8 14. Bf1 Rc8 15. Qa4 Na7 16. Ne5 Qd6 17. Bh3 Rc7 18. Rxc7 Qxc7 {1-0 (30) Uksini,B (2248)-Bilchinski,A (2231) Hannover 2015}) 11... exd5 12. Ne5 {White has an edge.} Nbd7 13. f4 Ba6 14. Rfe1 Rc8 15. Qb3 Qe7 16. a3 {[%cal Ba2a3,Ba3b4][%mdl 32]} ({Much worse is} 16. Bxd5 $6 Nxe5 17. fxe5 Nxd5 $11) 16... Bb5 17. axb4 a4 18. Qa3 Rfd8 {[#]} (18... Ne4 $16 19. Nxe4 dxe4) 19. Nb1 $1 $18 Nxe5 20. fxe5 (20. dxe5 $18 Ne4 21. Bxe4 dxe4 22. Nc3) 20... Ne4 $16 21. Nc3 (21. Bxe4 $1 $16 dxe4 22. Nc3) 21... Nxc3 $11 22. bxc3 f5 23. Rac1 g6 24. Qa2 Qd7 25. h4 {[%cal Bh2h4,Bh4h5][%mdl 32]} Bc4 26. Qd2 Kg7 27. h5 Qe7 28. Rf1 Rf8 29. Bf3 b5 30. Kg2 a3 (30... g5 $5 {[%cal Rg5g4]} 31. g4 a3 $11) 31. Rh1 g5 {[#] aiming for ...g4.} 32. e3 h6 (32... Kh8 $11) 33. Be2 $14 Qc7 34. Rhf1 {[%cal Bh1f1,Bf1f2,Bf2a2][%mdl 32]} Ra8 35. Bxc4 Qxc4 36. Qc2 g4 (36... Kh8 $16) 37. Rf2 Ra7 38. Qa2 ({Better is} 38. Ra1 $16) 38... Qc6 ({Black should play} 38... Qd3 $1 $11) 39. Qb3 Qe6 40. Ra2 Rfa8 41. Rca1 Qc6 42. Rxa3 Rxa3 43. Rxa3 $18 {[%mdl 4096] Endgame Black must now prevent Ra5. KQR-KQR} Ra4 {intending ...Qa6.} 44. Kf2 $2 (44. Ra2 $16) 44... Qa6 $11 {The position is equal.} 45. Rxa4 bxa4 46. Qxd5 {KQ-KQ} Qd3 $1 47. Qd7+ Kf8 48. Qd8+ Kf7 49. Qf6+ Ke8 50. Qc6+ Ke7 51. Qf6+ Ke8 52. Qe6+ Kd8 53. Qd5+ Ke7 54. Qd6+ Ke8 55. Qe6+ Kd8 56. Qd6+ {Precision: White = 56%, Black = 48%.} 1/2-1/2

[Event "7th Washington Open 2018"]
[Site "Rockville"]
[Date "2018.08.12"]
[Round "3.8"]
[White "Jacobson, Brandon"]
[Black "Postny, Evgeny"]
[Result "0-1"]
[WhiteElo "2472"]
[BlackElo "2586"]
[Annotator "TA"]
[PlyCount "96"]
[EventDate "2018.08.11"]
[EventType "swiss"]
[EventCountry "USA"]
[SourceTitle "playchess.com"]
[Source "ChessBase"]
[SourceQuality "1"]

{[%evp 19,96,29,29,20,25,-7,6,-3,8,2,25,12,32,52,24,25,47,-33,-25,-39,-33,-35,-33,-104,-112,-124,-125,-118,-124,-124,-124,-124,-130,-122,-93,-143,-118,-127,-105,-130,-119,-147,-160,-178,-172,-275,-270,-272,-248,-387,-375,-487,-471,-650,-650,-631,-610,-645,-499,-761,-568,-562,0,-720,-515,-514,-498,-549,-557,-620,-536,-718,-720,-750,-741,-701,-684,-6466,-6466]} 1. d4 d5 2. c4 c6 3. Nf3 Nf6 4. e3 Bf5 5. Nc3 e6 6. Nh4 Be4 7. f3 Bg6 8. Qb3 Qc7 9. Bd2 {D12: Slav Defence: 3 Nf3 Nf6 4 e3 Bf5} Be7 10. g3 {[%cal Bg2g3,Bg3g4,Bg4g5][%mdl 32]} O-O {LiveBook: 29 Games} (10... Nbd7 11. cxd5 exd5 12. O-O-O a5 13. Nxg6 hxg6 14. Qc2 a4 15. e4 a3 16. e5 axb2+ {0-1 (59) Le,Q (2737)-Mamedov,R (2709) Huaian 2017}) 11. g4 {White has an edge.} dxc4 12. Qxc4 $146 ({Predecessor:} 12. Bxc4 Nd5 13. Nxg6 hxg6 14. O-O-O Nxc3 15. Bxc3 Nd7 16. Qc2 Nb6 {½-½ (34) Laghetti,G (2469)-Voiculescu,C (2458) ICCF email 2016}) 12... Nbd7 {[%cal Bb8d7,Bd7b6,Bb6a4][%mdl 32]} 13. Nxg6 hxg6 14. g5 Nd5 15. f4 N7b6 16. Qe2 c5 17. Rc1 Qd7 18. Nxd5 (18. h4 $14) 18... Qxd5 $15 19. Bg2 Qxa2 20. dxc5 Na4 $1 $36 {[%mdl 2048] Black is pushing.} 21. Bb4 (21. Bxb7 $6 Rab8 $11) (21. Kf2 $15 Nxc5 22. Bc3) 21... Rac8 $17 22. O-O (22. Bxb7 $2 Rb8 $19) 22... Qb3 $1 {[%cal Rb3b4]} 23. Ba3 Bxc5 24. Bxc5 Rxc5 25. Rxc5 Nxc5 26. Rc1 b6 27. Rc3 Qa2 $1 28. Qc2 {[#] And now Ra3 would win.} Qa5 $1 29. Qd2 Qb5 30. h4 a5 31. Kh2 {[#]} e5 $1 {[%mdl 512]} 32. Bd5 (32. Rc2 $142) (32. fxe5 Ne4) 32... Qd7 $19 33. Qg2 exf4 34. exf4 (34. Qf3 {is a better defense.}) 34... Rd8 35. Bc4 Qd4 36. Qf3 Ne4 37. Rd3 Qxb2+ 38. Kg1 Qc1+ 39. Kg2 (39. Qf1 $142 Qxf1+ 40. Kxf1 Rxd3 41. Bxd3) 39... Qc2+ ({And not} 39... Qxc4 40. Rxd8+ Kh7 41. h5 $15) 40. Kg1 Qc1+ ({Stronger than} 40... Qxc4 41. Rxd8+ Kh7 42. f5 $11) 41. Kg2 $1 Rxd3 {Black is clearly winning.} ({Weaker is} 41... Qxc4 42. Rxd8+ Kh7 43. f5 $11) 42. Bxd3 Qd2+ 43. Kg1 Nc5 44. Bf1 Qd4+ 45. Kh2 a4 46. Bg2 Ne6 47. Kg3 b5 48. Bh3 {[#]} Qxf4+ $1 {[%mdl 512] Precision: White = 43%, Black = 80%.} 0-1

[Event "7th Washington Open 2018"]
[Site "Rockville"]
[Date "2018.08.12"]
[Round "3.9"]
[White "Balakrishnan, Praveen"]
[Black "Gonzalez Vidal, Yuri"]
[Result "0-1"]
[WhiteElo "2417"]
[BlackElo "2559"]
[Annotator "TA"]
[PlyCount "142"]
[EventDate "2018.08.11"]
[EventType "swiss"]
[EventCountry "USA"]
[SourceTitle "playchess.com"]
[Source "ChessBase"]
[SourceQuality "1"]

{[%evp 28,142,42,42,40,39,50,44,44,44,44,37,46,43,50,22,20,2,9,7,8,8,10,0,0,0,13,13,13,13,14,13,18,7,8,0,4,5,26,7,10,9,43,0,0,0,0,0,0,-20,-21,-93,-93,-87,-88,-96,-96,-147,-164,-171,-156,-155,-153,-159,-154,-178,-175,-167,-91,-91,-91,-91,-91,-91,-91,-91,-91,-91,-91,-91,-91,-130,-100,-130,-130,-130,-130,-130,-130,-166,-167,-159,-166,-12833,-11480,-12834,-12835,-12841,-12841,-12843,-12844,-12844,-12845,-12845,-12845,-12846,-12846,-12846,-12847,-12847,-12847,-12848,-12847,-29991,-29992,-29992,-1612]} 1. e4 e5 2. Nf3 Nc6 3. d4 exd4 4. Nxd4 Nf6 5. Nxc6 bxc6 6. e5 Qe7 7. Qe2 Nd5 8. c4 Nb6 9. Nc3 Ba6 10. Qe4 Qe6 11. b3 {C45: Scotch Game} Bb4 12. Bd2 Bxc3 13. Bxc3 d5 14. Qh4 dxc4 15. Be2 {LiveBook: 46 Games} (15. Rc1 Qg6 16. g3 O-O 17. Be2 c5 18. O-O Bb7 19. bxc4 Rad8 20. Rcd1 Rxd1 21. Rxd1 Qc2 22. Rd8 {½-½ (22) Motylev,A (2660)-Jakovenko,D (2712) Poikovsky 2016}) 15... Nd5 16. Bxc4 g5 17. Bxd5 gxh4 18. Bxe6 fxe6 19. Bd4 $146 Rg8 20. g3 Rg4 21. O-O-O Be2 22. h3 Rg7 23. Rde1 Bf3 24. Rhg1 hxg3 25. Rxg3 Rxg3 26. fxg3 $11 {[%mdl 4096] Endgame KRB-KRB} Bg2 27. h4 h5 28. Re2 Bh3 29. Rc2 Kd7 30. Rd2 Kc8 31. Be3 Bf5 32. Rd4 a6 33. Kb2 Rb8 34. a4 Kb7 35. Rd7 Rg8 36. Bg5 c5 37. Kc3 Kc6 38. Rf7 Rb8 39. Bc1 (39. Be7 $11) 39... Rd8 $17 40. Kb2 Rd3 41. Bg5 Be4 42. Rf4 (42. Be7 $142) 42... Bd5 43. g4 hxg4 44. Rxg4 Rxb3+ 45. Kc2 {[#]} Rh3 $1 46. Kb2 Bf3 47. Rc4 {[#]} Kd5 (47... Be2 $1 $19 {[%cal Re2c4]} 48. Rf4 Rh2) 48. Rc3 Rh2+ 49. Rc2 Rxc2+ 50. Kxc2 Kxe5 {KB-KB} 51. Kd3 Kd5 52. Bd2 Bd1 53. a5 Bh5 54. Bc3 e5 55. Ke3 e4 56. Bf6 Bg6 57. Bd8 c6 {[%cal Bc7c6,Bc6c5][%mdl 32]} 58. Bb6 Kc4 59. h5 Bh7 60. Ba7 $2 (60. Kd2) 60... Kb4 $19 61. Bb6 c4 {[%cal Bc5c4,Bc4c3,Bc3c2][%mdl 32]} 62. Kf4 c5 63. Ke3 c3 64. Bd8 c2 65. Kd2 e3+ 66. Kc1 e2 67. Bh4 Kxa5 68. Be1+ Kb5 69. h6 a5 {[%cal Ba6a5,Ba5a4][%mdl 32] ( -> ...a4)} 70. Bc3 a4 71. Kd2 {[#]} e1=Q+ $1 {Precision: White = 40%, Black = 81%.} 0-1

[Event "7th Washington Open 2018"]
[Site "Rockville"]
[Date "2018.08.12"]
[Round "4.1"]
[White "Gabuzyan, Hovhannes"]
[Black "Panchanathan, Magesh Chandran"]
[Result "1-0"]
[WhiteElo "2556"]
[BlackElo "2486"]
[Annotator "TA"]
[PlyCount "55"]
[EventDate "2018.08.11"]
[EventType "swiss"]
[EventCountry "USA"]
[SourceTitle "playchess.com"]
[Source "ChessBase"]
[SourceQuality "1"]

{[%evp 19,55,8,8,0,0,0,4,3,7,2,13,-2,10,12,16,11,24,24,15,13,38,0,38,38,102,112,370,368,414,409,428,417,418,435,510,495,487,418]} 1. Nf3 Nf6 2. g3 e6 3. Bg2 d5 4. c4 dxc4 5. Qa4+ Bd7 6. Qxc4 {A13: English Opening: 1...e6} c5 7. Ne5 (7. d4 Bc6 8. dxc5 Nbd7 9. Be3 Bd5 10. Qc2 Be4 11. Qc1 Ng4 12. b4 a5 13. Bg5 f6 14. Bd2 axb4 15. Bxb4 Nxc5 16. Bxc5 Rc8 17. Qc4 Bxc5 18. Qxe6+ {½-½ (41) Ding,L (2769)-Aronian,L (2794) Berlin 2018}) 7... Qc8 8. Qd3 Nc6 9. Nxd7 Nxd7 10. Nc3 Be7 {LiveBook: 7 Games} 11. O-O O-O 12. b3 Nf6 13. Bb2 Rd8 {[#]} 14. Qc2 $146 Qd7 (14... Nb4 $5 {[%cal Rb4c2]} 15. Qc1 Qd7 $11) 15. Rac1 Rac8 16. Rfd1 b6 17. Qb1 Nd4 18. e3 Nc6 19. Ne2 e5 20. d4 exd4 21. exd4 Qg4 ({Black should try} 21... Nxd4 $14 22. Nxd4 cxd4) 22. Nf4 $36 {[%mdl 2048] aiming for d5. White has strong initiative.} Nxd4 $2 {[%mdl 8192] [#]} (22... Bd6 $16 {was necessary.}) 23. Bh3 $1 $18 {[%cal Rh3g4]} Nf3+ 24. Kh1 Qg5 25. Bxc8 Rxc8 26. Bxf6 Bxf6 27. Rd5 Ne5 28. Re1 {Precision: White = 83%, Black = 32%.} 1-0

[Event "7th Washington Open 2018"]
[Site "Rockville"]
[Date "2018.08.12"]
[Round "4.2"]
[White "Checa, Nicolas D"]
[Black "Baryshpolets, Andrey"]
[Result "1/2-1/2"]
[WhiteElo "2478"]
[BlackElo "2609"]
[Annotator "TA"]
[PlyCount "23"]
[EventDate "2018.08.11"]
[EventType "swiss"]
[EventCountry "USA"]
[SourceTitle "playchess.com"]
[Source "ChessBase"]
[SourceQuality "1"]

{[%evp 19,23,0,32,0,0,0]} 1. d4 d5 2. Nf3 Nf6 3. c4 c6 4. cxd5 cxd5 5. Nc3 Nc6 6. Bf4 a6 7. Rc1 Bf5 8. e3 Qb6 {D13: Damengambit (Slawische Verteidigung, Abtauschvariante)} (8... Rc8 9. Be2 e6 10. O-O Nd7 11. Na4 Be7 12. h3 O-O 13. a3 Na5 14. Nc5 Nc4 15. b4 Nxc5 16. dxc5 Nxa3 {1-0 (44) So,W (2778)-Carlsen,M (2843) Stavanger 2018}) 9. Na4 Qa5+ 10. Nc3 Qb6 $146 {LiveBook: 36 Partien} 11. Na4 Qa5+ $1 12. Nc3 1/2-1/2

[Event "7th Washington Open 2018"]
[Site "Rockville"]
[Date "2018.08.12"]
[Round "4.3"]
[White "Postny, Evgeny"]
[Black "Chandra, Akshat"]
[Result "1-0"]
[WhiteElo "2586"]
[BlackElo "2487"]
[Annotator "RC"]
[PlyCount "97"]
[EventDate "2018.08.11"]
[EventType "swiss"]
[EventCountry "USA"]
[SourceTitle "playchess.com"]
[Source "ChessBase"]
[SourceQuality "1"]
[TimeControl "40/5400+30:1200+30"]

1. Nf3 {[%emt 0:00:34]} d5 {[%emt 0:09:20]} 2. d4 {[%emt 0:00:33]} Nf6 {[%emt 0:00:05]} 3. c4 {[%emt 0:00:04]} e6 {[%emt 0:00:10]} 4. Bg5 {[%emt 0:00:36]} Bb4+ {[%emt 0:11:20]} 5. Nc3 {[%emt 0:00:17]} h6 {[%emt 0:01:13]} 6. Bxf6 {[%emt 0:00:15]} Qxf6 {[%emt 0:00:03]} 7. e3 {[%emt 0:01:30]} O-O {[%emt 0:00:52]} 8. Rc1 {[%emt 0:00:08]} dxc4 {[%emt 0:03:26]} 9. Bxc4 {[%emt 0:00:34]} c5 {[%emt 0:01:05]} 10. O-O {[%emt 0:01:00]} cxd4 {[%emt 0:03:56]} 11. Ne4 {[%emt 0:03:59]} Qe7 {[%emt 0:02:09]} 12. Nxd4 {[%emt 0:00:32]} Bd7 {[%emt 0:00:47]} 13. Qh5 {[%emt 0:08:03]} Nc6 {[%emt 0:04:27]} 14. Nb3 {[%emt 0:00:49]} f5 {[%emt 0:13:57]} 15. Nec5 {[%emt 0:04:03]} Be8 {[%emt 0:01:26]} 16. Qf3 {[%emt 0:19:34]} Bf7 {[%emt 0:03:32]} 17. Bb5 {[%emt 0:01:25]} Rac8 {[%emt 0:14:14]} 18. Nd3 {[%emt 0:23:07]} Bd6 {[%emt 0:09:47]} 19. Bxc6 {[%emt 0:02:03]} bxc6 {[%emt 0:00:05]} 20. Nbc5 {[%emt 0:06:59]} Qg5 {[%emt 0:05:39]} 21. Qe2 {[%emt 0:03:12]} e5 {[%emt 0:01:53]} 22. Nxe5 {[%emt 0:07:22]} Bxe5 {[%emt 0:01:31]} 23. f4 {[%emt 0:00:05]} Bxf4 {[%emt 0:01:13]} 24. exf4 {[%emt 0:00:18]} Qf6 {[%emt 0:00:51]} 25. Qf2 {[%emt 0:08:10]} Rfd8 {[%emt 0:01:50]} 26. Rfd1 {[%emt 0:01:22]} Rxd1+ {[%emt 0:02:34]} 27. Rxd1 {[%emt 0:00:04]} Rd8 {[%emt 0:00:28]} 28. Rxd8+ {[%emt 0:05:36]} Qxd8 {[%emt 0:00:02]} 29. h3 {[%emt 0:00:49]} Bxa2 {[%emt 0:00:53]} 30. Kh2 {[%emt 0:00:43]} Bd5 {[%emt 0:01:04]} 31. Qe3 {[%emt 0:00:21]} Kh7 {[%emt 0:04:53]} 32. Qe5 {[%emt 0:00:50]} Qf8 {[%emt 0:00:14]} 33. Nd3 {[%emt 0:00:47]} Qf7 {[%emt 0:00:22]} 34. Qe3 {[%emt 0:00:22]} Qg6 {[%emt 0:00:56]} 35. Qf2 {[%emt 0:00:07]} a5 {[%emt 0:00:33]} 36. Ne5 {[%emt 0:00:14]} Qd6 {[%emt 0:00:22]} 37. Qb6 {[%emt 0:01:18]} a4 {[%emt 0:00:45]} 38. Qd4 {[%emt 0:00:34]} a3 {[%emt 0:00:30]} 39. bxa3 {[%emt 0:00:06]} Qxa3 {[%emt 0:00:00]} 40. Qd2 {[%emt 0:00:58]} Be4 {[%emt 0:01:00]} 41. h4 {[%emt 0:09:20]} Qe7 {[%emt 0:03:21]} 42. Kg3 {[%emt 0:02:15]} c5 {[%emt 0:04:09]} 43. h5 {[%emt 0:02:19]} Qc7 {[%emt 0:07:30]} 44. Qa2 {[%emt 0:00:56]} c4 {[%emt 0:05:45]} 45. Qa6 {[%emt 0:02:55]} Bd5 {[%emt 0:00:16]} 46. Qg6+ {[%emt 0:00:14]} Kg8 {[%emt 0:00:26]} 47. Qe8+ {[%emt 0:00:06]} Kh7 {[%emt 0:00:02]} 48. Ng6 {[%emt 0:00:37]} Bg8 {[%emt 0:00:10]} 49. Ne7 {[%emt 0:00:38]} 1-0

[Event "7th Washington Open 2018"]
[Site "Rockville"]
[Date "2018.08.12"]
[Round "4.4"]
[White "Gonzalez Vidal, Yuri"]
[Black "Azarov, Sergei Nikolaevich"]
[Result "1/2-1/2"]
[WhiteElo "2559"]
[BlackElo "2574"]
[Annotator "TA"]
[PlyCount "37"]
[EventDate "2018.08.11"]
[EventType "swiss"]
[EventCountry "USA"]
[SourceTitle "playchess.com"]
[Source "ChessBase"]
[SourceQuality "1"]

{[%evp 17,37,13,21,19,10,16,13,20,37,27,31,29,29,37,77,51,66,64,70,52,53,13]} 1. e4 c5 2. Nf3 e6 3. d4 cxd4 4. Nxd4 Nc6 5. Nc3 Qc7 6. Be3 a6 7. Qf3 {B48: Sizilianisch (Paulsen-Variante)} Bd6 (7... Nf6 8. O-O-O Ne5 9. Qg3 b5 10. a3 Bb7 11. Bxb5 Rc8 12. Ba4 Nxe4 13. Nxe4 Bxe4 14. Bf4 Qc4 15. Bxe5 Qxa4 {1-0 (38) Vachier Lagrave,M (2789)-Anand,V (2776) Karlsruhe/Baden-Baden 2018}) 8. O-O-O Be5 9. g3 b5 {LiveBook: 14 Partien} 10. Nxc6 Qxc6 11. Bd4 Bxd4 12. Rxd4 Nf6 13. Bg2 {Schwarz muss nun e5 beachten.} e5 14. Rd2 Bb7 $146 ({Vorgänger:} 14... d6) 15. Rhd1 Rc8 16. a3 {Droht stark g4.} Qc5 {Weiß steht etwas besser.} 17. g4 {[#] zielt auf g5 ab.} h6 $1 18. h4 {Droht g5 und aus.} Bc6 19. Bh3 1/2-1/2

[Event "7th Washington Open 2018"]
[Site "Rockville"]
[Date "2018.08.12"]
[Round "4.5"]
[White "Khamrakulov, Djurabek"]
[Black "Sevian, Samuel"]
[Result "0-1"]
[WhiteElo "2489"]
[BlackElo "2645"]
[Annotator "TA"]
[PlyCount "118"]
[EventDate "2018.08.11"]
[EventType "swiss"]
[EventCountry "USA"]
[SourceTitle "playchess.com"]
[Source "ChessBase"]
[SourceQuality "1"]

{[%evp 18,118,10,-5,10,16,31,0,4,0,0,0,7,0,24,0,5,4,0,0,0,0,0,0,0,-31,0,-10,-10,-13,-13,-12,-20,-14,-16,-20,-25,-25,-24,-22,-17,-17,-18,-20,-12,-18,-6,-8,-8,-22,-22,-25,-22,-27,-22,-24,-15,-63,-33,-26,-25,-36,-18,-19,-16,-73,-82,-104,-103,-247,-204,-215,-81,-137,-81,-81,0,-145,-66,-76,-68,-70,-56,-630,-337,-600,-540,-1845,-1777,-1681,-1597,-2399,-2021,-2500,-3214,-2747,-2420,-2670,-2320,-12845,-12845,-12850,-29990]} 1. e4 e6 2. d4 d5 3. Nd2 c5 4. exd5 Qxd5 5. dxc5 Nf6 6. Ngf3 {C07: French Tarrasch: 3...c5, 4 Ngf3 and 4 exd5 Qxd5} Qxc5 7. Bd3 Nbd7 8. Qe2 Qc7 9. Ne4 Be7 10. O-O {LiveBook: 15 Games} O-O 11. Bg5 b6 12. Nxf6+ (12. Rad1 {keeps more tension.} Bb7 13. Bh4 Nd5 14. Bg3 Nf4 15. Qe3) 12... Nxf6 13. Ne5 Bb7 {[#]} 14. Bf4 $146 ({Predecessor:} 14. Rfe1 Rad8 15. Rad1 Rd6 16. Bf4 Qc8 17. Ng4 {½-½ (17) Kobalia,M (2637)-Vitiugov,N (2710) Dagomys 2010}) 14... Qc5 15. Rad1 Rad8 16. c3 g6 17. Bh6 Rfe8 $1 18. Rfe1 Rd6 19. Qe3 Qxe3 20. Bxe3 Red8 21. Be2 Ne4 22. Nc4 Rxd1 23. Rxd1 Rxd1+ 24. Bxd1 Bd5 25. Be2 Bc5 26. a3 Bxc4 27. Bxc4 Bxe3 28. fxe3 $11 {[%mdl 4096] Endgame KB-KN} Kg7 29. Bd3 Nc5 30. Bc2 Kf6 31. b4 Nb7 32. Kf2 Nd6 33. a4 Ke5 34. Ke2 f5 35. Kd3 $1 g5 36. Bd1 g4 37. Be2 Kd5 38. Bd1 $1 Ne4 39. Bb3+ Ke5 40. Bc4 h5 {[%cal Bh7h5,Bh5h4][%mdl 32]} 41. Bb5 (41. g3 $11) 41... h4 $17 42. Bc6 Nf6 43. Kc4 (43. Ke2 $17) 43... Kd6 44. Ba8 Ne8 (44... h3 $1 $19 {and Black stays clearly on top. ...g3! is the strong threat.} 45. g3 Nh7) 45. Bb7 {[#]} (45. Kd3 $142) 45... Kc7 (45... h3 $142 $1 {Threatens to win with ...Ke5.} 46. g3 Nf6) 46. Ba8 Kd6 (46... a5 $142) 47. Bb7 {[#]} Nc7 ({Black should play} 47... h3 $1 $17 {Hoping for ...Ke5.} 48. g3 Nc7) 48. Kd4 $15 e5+ 49. Kc4 e4 50. Kd4 $2 {[%mdl 8192]} (50. Kb3 $15) 50... Ne6+ $19 51. Kc4 Ke5 {Black is clearly winning.} 52. a5 g3 53. hxg3 hxg3 54. Kb5 f4 55. exf4+ Nxf4 56. Ka6 Nxg2 57. Kxa7 bxa5 58. bxa5 Nf4 59. Bxe4 Kxe4 {Precision: White = 41%, Black = 57%.} 0-1